Damian Marley Discography - Statistics

General Stats
  • This quiz has been taken 9 times
  • The average score is 4 of 9
Answer Stats
Type Year Name % Correct
Album 2005 Welcome to Jamrock
100%
Album 2017 Stony Hill
63%
Album 1996 Mr. Marley
50%
Collaborative Album 2010 Distant Relatives
38%
Album 2001 Halfway Tree
38%
Collaborative Album 2011 SuperHeavy
25%
Collaborative Album 2013 Set Up Shop Vol. 1
13%
Collaborative Album 2014 Set Up Shop Vol. 2
13%
Collaborative Album 2015 Set Up Shop Vol. 3
13%
No matching quizzes found
Score Distribution
Percent of People with Each Score
Percentile by Number Answered
Your Score History
You have not taken this quiz